| 000 | 00738pam a2200253 a 4500 | ||
|---|---|---|---|
| 001 | 579869 | ||
| 005 | 20180809080719.0 | ||
| 008 | 900924s1991 nyu b 001 0 eng c | ||
| 010 | _a 90010398 | ||
| 020 | _a0387974547 (alk. paper) | ||
| 020 | _a3540974547 (alk. paper) | ||
| 040 |
_aDNLM/DLC _cDLC _dDLC |
||
| 041 | _aeng | ||
| 060 | _aWS 21 F724e | ||
| 080 | _a174.2 FOR | ||
| 082 | 0 | 0 |
_a174.2 FOR _220 |
| 100 | 1 | _a8 | |
| 101 | _aPED | ||
| 245 | 1 | 0 |
_aEthical dilemmas in pediatrics : _cEdwin N. Forman, Rosalind Ekman Ladd. |
| 504 | _aIncludes bibliographical references and index. | ||
| 906 |
_a7 _bcbc _corignew _d1 _eocip _f19 _gy-gencatlg |
||
| 942 |
_2ddc _cBK |
||
| 999 |
_c46983 _d46983 |
||